000 00456nam a2200205Ia 4500
003 0100
008 130303s9999 xx 000 0 und d
020 _a0340780355
040 _cARRUPELIB
050 _aBJ37.T48 2000
100 _aThompson, Mel
245 _aEthics
260 _aLondon
260 _bHodder & Stoughton
260 _C2000
300 _a213p.
300 _b 23 cm
440 _aTeach yourself books series
942 _2lcc
_010
999 _c64609
_d64609